[Event "FICGS rapid A 000076 email"]
[Site "FICGS email"]
[Date "2010.02.07"]
[Round "1"]
[White "Muller, Henrique"]
[Black "Bencheikh, Ilf"]
[Result "1/2-1/2"]
[WhiteElo "2025"]
[BlackElo "2098"]
[PlyCount "64"]
[EventDate "2010.??.??"]
[EventType "tourn (rapid)"]
[EventRounds "6"]
[SourceTitle "Corr 2013"]
[Source "ChessBase"]
[SourceDate "2012.11.12"]
[SourceVersion "1"]
[SourceVersionDate "2012.11.12"]
[SourceQuality "1"]

1. e4 e6 2. d4 d5 3. Nc3 Nc6 4. Nf3 Nf6 5. e5 Ne4 6. Bd3 Bb4 7. Bd2 Nxd2 8. Qxd2 Bd7 9. a3 Be7 10. 0-0 g5 11. Qe3 g4 12. Nd2 Bg5 13. Qe2 Qe7 14. f4 gxf3 15. Nxf3 Bh6 16. Nd1 0-0-0 17. Ne3 Rdg8 18. c3 f5 19. exf6 Qxf6 20. Ne5 Bxe3+ 21. Qxe3 Qg7 22. g3 Nxe5 23. Qxe5 Qxe5 24. dxe5 h5 25. Rf4 c5 26. Kf2 Kd8 27. h4 Ke7 28. Be2 c4 29. Rg1 Be8 30. Ke3 b6 31. Bd1 Rg7 32. Bf3 Rgg8 1/2-1/2

[Event "FICGS rapid A 000076 email"]
[Site "FICGS email"]
[Date "2010.02.07"]
[Round "1"]
[White "Muller, Henrique"]
[Black "Plant, Kevin D"]
[Result "0-1"]
[WhiteElo "2025"]
[BlackElo "2069"]
[PlyCount "124"]
[EventDate "2010.??.??"]
[EventType "tourn (rapid)"]
[EventRounds "6"]
[SourceTitle "Corr 2013"]
[Source "ChessBase"]
[SourceDate "2012.11.12"]
[SourceVersion "1"]
[SourceVersionDate "2012.11.12"]
[SourceQuality "1"]

1. e4 c5 2. Nf3 d6 3. d4 cxd4 4. Nxd4 Nf6 5. Nc3 g6 6. Be3 Bg7 7. f3 a6 8. Qd2 Nbd7 9. 0-0-0 b5 10. g4 h6 11. a3 Ne5 12. h4 Bd7 13. h5 g5 14. Be2 Qb8 15. Nf5 Bxf5 16. gxf5 Qb7 17. Bd4 Nc6 18. Bf2 b4 19. axb4 Qxb4 20. Nb1 Qa4 21. Na3 Rb8 22. c3 0-0 23. Rdg1 Na5 24. Qc2 Rb3 25. Kd1 Nd7 26. f4 Bxc3 27. Rh3 Bd4 28. Rxb3 Nxb3 29. Bc4 Bxf2 30. Qxf2 Na5+ 31. Qc2 Nxc4 32. Nxc4 Qa1+ 33. Qc1 Qxc1+ 34. Kxc1 Rc8 35. b3 Nc5 36. Kd2 Nxb3+ 37. Kd3 f6 38. fxg5 hxg5 39. Rb1 Nc5+ 40. Kd4 Kg7 41. Ne3 a5 42. Rb2 a4 43. Nd5 Ra8 44. Ke3 Ra7 45. Nc3 Kh6 46. Kf3 a3 47. Ra2 Nb3 48. Ne2 Nd2+ 49. Ke3 Nb1 50. Kd3 Rb7 51. Kc2 Kxh5 52. Nd4 g4 53. Ra1 Rb2+ 54. Kc1 g3 55. Rxa3 Nxa3 56. Kxb2 Nc4+ 57. Kc3 Ne5 58. Kd2 g2 59. Ne2 Kg4 60. Ke3 Nf3 61. Kf2 g1Q+ 62. Nxg1 Nxg1 0-1

[Event "FICGS rapid M 000025 email"]
[Site "FICGS email"]
[Date "2010.02.04"]
[Round "1"]
[White "Muller, Henrique"]
[Black "Markus, Roland"]
[Result "1/2-1/2"]
[WhiteElo "2150"]
[BlackElo "2118"]
[PlyCount "92"]
[EventDate "2010.??.??"]
[EventType "tourn (rapid)"]
[EventRounds "6"]
[SourceTitle "Corr 2013"]
[Source "ChessBase"]
[SourceDate "2012.11.12"]
[SourceVersion "1"]
[SourceVersionDate "2012.11.12"]
[SourceQuality "1"]

1. e4 c6 2. d4 d5 3. Nc3 dxe4 4. Nxe4 Bf5 5. Ng3 Bg6 6. h4 h6 7. Nf3 Nd7 8. h5 Bh7 9. Bd3 Bxd3 10. Qxd3 e6 11. Bf4 Qa5+ 12. Bd2 Bb4 13. c3 Be7 14. c4 Qc7 15. 0-0-0 Ngf6 16. Kb1 Rd8 17. Qe2 0-0 18. Ne5 Rfe8 19. Bc3 a5 20. f4 a4 21. Qf3 Bf8 22. a3 Qb6 23. Ka1 Qa6 24. f5 Nb6 25. fxe6 Rxe6 26. Qf1 Nbd7 27. Qf5 Ree8 28. Rhf1 Nxe5 29. dxe5 Rxd1+ 30. Rxd1 Nh7 31. Qd7 Re6 32. Qd4 b5 33. Nf5 c5 34. Qg4 Ng5 35. Rd6 Qa7 36. cxb5 Bxd6 37. exd6 Qd7 38. Qxa4 Ne4 39. Qc4 Nxc3 40. Qxc3 Rf6 41. g4 Qxb5 42. Ka2 Qe2 43. Qxc5 Qe6+ 44. Kb1 g6 45. hxg6 fxg6 46. Nxh6+ Kg7 1/2-1/2

[Event "FICGS rapid A 000074 email"]
[Site "FICGS email"]
[Date "2010.01.01"]
[Round "1"]
[White "Muller, Henrique"]
[Black "Dikant, Christophe"]
[Result "1-0"]
[WhiteElo "2001"]
[BlackElo "2000"]
[PlyCount "45"]
[EventDate "2010.??.??"]
[EventType "tourn (rapid)"]
[EventRounds "6"]
[SourceTitle "Corr 2013"]
[Source "ChessBase"]
[SourceDate "2012.11.12"]
[SourceVersion "1"]
[SourceVersionDate "2012.11.12"]
[SourceQuality "1"]

1. e4 g6 2. d4 Bg7 3. Nc3 c6 4. Nf3 d5 5. h3 dxe4 6. Nxe4 Nd7 7. Bc4 Ngf6 8. Nxf6+ Nxf6 9. 0-0 0-0 10. Re1 Bf5 11. Bg5 Be4 12. Ne5 Bd5 13. Bd3 b5 14. a4 a6 15. Qd2 Qd6 16. Bf4 Qd8 17. b3 Qb6 18. c4 Be6 19. a5 Qb7 20. Rac1 Rad8 21. Qe3 Nd7 22. Nxc6 Qxc6 23. Be4 1-0